Integrated air quality management : Asian case studies /

Bibliographic Details
Corporate Author: ebrary, Inc
Other Authors: Oanh, Nguyen Thi Kim
Format: eBook
Language:English
Published: Boca Raton, FL : CRC Press/Taylor & Francis Group, 2012.
Subjects:
Online Access:Connect to the full text of this electronic book

MARC

Tag First Indicator Second Indicator Subfields
LEADER 00000cam a2200000Ma 4500
001 in00002777060
006 m o d
007 cr cn|||||||||
008 120724s2012 flu ob 001 0 eng d
005 20250816213348.4
010 |z  2011045488 
020 |z 9781439862254 
020 |z 9781439862261 
035 |a (OCoLC)ocn802048829 
035 |a (NhCcYBP)ebr10572517 
035 |a (OCoLC)802048829 
040 |a E7B  |c E7B  |d TXA  |d UtOrBLW 
049 |a TXAM 
050 4 |a TD883.7.A78  |b I58 2012eb 
082 0 4 |a 363.739/2095  |2 23 
245 0 0 |a Integrated air quality management :  |b Asian case studies /  |c [edited by] Nguyen Thi Kim Oanh. 
264 1 |a Boca Raton, FL :  |b CRC Press/Taylor & Francis Group,  |c 2012. 
300 |a 1 online resource (xv, 394 pages) 
336 |a text  |b txt  |2 rdacontent 
337 |a computer  |b c  |2 rdamedia 
338 |a online resource  |b cr  |2 rdacarrier 
500 |a Description based on print version record. 
504 |a Includes bibliographical references and index. 
500 |a Electronic resource. 
650 0 |a Air quality management  |z Asia  |v Case studies. 
650 0 |a Air  |x Pollution. 
655 7 |a Electronic books.  |2 local 
700 1 |a Oanh, Nguyen Thi Kim. 
710 2 |a ebrary, Inc. 
856 4 0 |u https://ebookcentral.proquest.com/lib/tamucs/detail.action?docID=945476  |y Connect to the full text of this electronic book  |t 0 
948 |a cataloged  |b h  |c 2013/7/18  |d c  |e jlanham  |f 10:11:18 am 
994 |a C0  |b TXA 
999 f f |s f5a03158-4c26-3f54-8da8-6086f06f7063  |i 242d1291-2189-3a00-83d1-ba5053c8c6f3  |t 0 
999 |a MARS 
952 f f |a Texas A&M University  |b College Station  |c Electronic Resources  |d Available Online  |t 0  |e TD883.7.A78 I58 2012eb  |h Library of Congress classification 
998 f f |a TD883.7.A78 I58 2012eb  |t 0  |l Available Online